Stolice Azji i Oceanii - Statystyki

Ogólne statystyki
  • Ten quiz został rozwiązany 83 razy
  • Średni wynik to 48 z 66
Statystyki odpowiedzi
Państwo Stolica % Poprawnych
Chiny Pekin
96%
Azerbejdżan Baku
92%
Armenia Erywań
92%
Izrael Jerozolima/Tel Awiw
92%
Rosja Moskwa
92%
Arabia Saudyjska Rijad
92%
Singapur Singapur
92%
Japonia Tokio
92%
Zjednoczone Emiraty Arabskie Abu Zabi
88%
Jordania Amman
88%
Turcja Ankara
88%
Kazachstan Astana
88%
Australia Canberra
88%
Wietnam Hanoi
88%
Egipt Kair
88%
Kuwejt Kuwejt
88%
Indie Nowe Delhi
88%
Korea Północna Pjongjang
88%
Korea Południowa Seul
88%
Irak Bagdad
83%
Tajlandia Bangkok
83%
Syria Damaszek
83%
Bangladesz Dhaka
83%
Afganistan Kabul
83%
Malediwy Male
83%
Oman Maskat
83%
Cypr Nikozja
83%
Gruzja Tbilisi
83%
Iran Teheran
83%
Mongolia Ułan Bator
83%
Nowa Zelandia Wellington
83%
Liban Bejrut
79%
Indonezja Dżakarta
79%
Pakistan Islamabad
79%
Malezja Kuala Lumpur
79%
Jemen Sana
79%
Kirgistan Biszkek
75%
Katar Doha
75%
Nepal Katmandu
75%
Laos Wientian
75%
Turkmenistan Aszchabad
67%
Tadżykistan Duszanbe
67%
Filipiny Manila
67%
Kambodża Phnom Penh
67%
Sri Lanka Sri Dźajawardanapura Kotte/Kolombo
67%
Timor Wschodni Dili
63%
Papua-Nowa Gwinea Port Moresby
63%
Fidżi Suva
63%
Uzbekistan Taszkent
63%
Bhutan Thimphu
63%
Samoa Apia
58%
Vanuatu Port Vila
58%
Kiribati Bairiki/Tarawa
54%
Wyspy Salomona Honiara
54%
Bahrajn Manama
54%
Wyspy Marshalla Delap/Majuro
50%
Mjanma Naypyidaw
50%
Tonga Nuku’alofa
50%
Palestyna Ramallah
50%
Tuvalu Vaiaku/Funafuti
50%
Nauru Yaren (Nauru nie ma stolicy, ale de facto jest nią Yaren xd)
50%
Niue Alofi
42%
Brunei Bandar Seri Begawan
42%
Mikronezja Palikir
42%
Wyspy Cooka Avarua
38%
Palau Ngerulmud/Melekeok
38%
Nie znaleziono quizów pasujących do podanych kryteriów
Rozkład punktacji
Procent ludzi z każdym wynikiem
Percentyl według liczby udzielonych odpowiedzi
Twoja historia wyników
Nie rozwiązałeś tego quizu